Las perspectivas del comercio mundial no son halagüeñas /

Guardado en:
書目詳細資料
主要作者: Mattoo, Aaditya
其他作者: Subramanian, Arvind
格式: Texto
標簽: 添加標簽
沒有標簽, 成為第一個標記此記錄!

MARC

LEADER 00000 a a2200000 04500
001 44556
003
040
100 |a Mattoo, Aaditya  
245 |a Las perspectivas del comercio mundial no son halagüeñas /  |c Aaditya Mattoo, Arvind Subramanian  
700 |a Subramanian, Arvind  
773 |g volumen42, número1 ( , 2005), páginas 19-21  
999 |c 37199  |d 37199